ASME 2020 Power Conference collocated with the 2020 International Conference on Nuclear Engineering: Volume 1: Beyond Design Basis; Codes and Standards; Computational Fluid Dynamics (CFD); Decontamination and Decommissioning; Nuclear Fuel and Engineering; Nuclear Plant Engineering

Bibliografische gegevens
Formaat: Elektronisch Tijdschrift
Taal:English
Gepubliceerd in: ASME
Online toegang:Full text available on ASME[2020-2020]
Off-campus access
LEADER 01177cas a2200181 a 4500
001 AALConferenceProceedingsASME000161
008 230101c9999 xx r poo 0 0eng d
020 |a 978-0-7918-8374-7 
040 |a BD-DhAAL  |c BD-DhAAL 
245 0 0 |h [electronic resource]  |a ASME 2020 Power Conference collocated with the 2020 International Conference on Nuclear Engineering: Volume 1: Beyond Design Basis; Codes and Standards; Computational Fluid Dynamics (CFD); Decontamination and Decommissioning; Nuclear Fuel and Engineering; Nuclear Plant Engineering  
260 |b ASME 
300 |a 1 online resource 
500 |a <strong>Off-Campus Access:</strong> Athens ID and Password Required 
500 |a <strong>On-Campus Access:</strong> No User ID or Password Required 
506 |a Electronic access restricted to authorized BRAC University faculty, staff and students 
538 |a Mode of access: Internet 
856 4 0 |z Full text available on ASME[2020-2020]  |u https://asmedigitalcollection.asme.org/POWER/POWER2020/volume/83747 
856 4 0 |z Off-campus access  |u https://go.openathens.net/redirector/bracu.ac.bd?url=https%3A%2F%2Fasmedigitalcollection.asme.org%2FPOWER%2FPOWER2020%2Fvolume%2F83747